Poznáme mená zákazníkov
COOP Jednota Nové Zámky - druhá najúspešnejšia v systéme spotrebných družstiev - pôsobí v novozámockom, komárňanskom a levickom regióne. Aj napriek silnej konkurencii v tomto regióne sa jej darí kontinuálne rásť. V čom spočíva tajomstvo úspechu. Decentralizovaný nákup a marketing, regionálny prístup...
Gespeichert in:
| 1. Verfasser: | |
|---|---|
| Format: | Buchkapitel |
| Sprache: | Slowakisch |
| Schlagworte: | |
| Tags: |
Keine Tags, Fügen Sie das erste Tag hinzu!
|
MARC
| LEADER | 00000naa$a2200000$$$4500 | ||
|---|---|---|---|
| 001 | 0057475 | ||
| 005 | 20231128092505.2 | ||
| 041 | 0 | |a slo | |
| 044 | |a SK | ||
| 245 | 1 | 0 | |a Poznáme mená zákazníkov |c Andrea Hinková-Dibarborová |
| 520 | |a COOP Jednota Nové Zámky - druhá najúspešnejšia v systéme spotrebných družstiev - pôsobí v novozámockom, komárňanskom a levickom regióne. Aj napriek silnej konkurencii v tomto regióne sa jej darí kontinuálne rásť. V čom spočíva tajomstvo úspechu. Decentralizovaný nákup a marketing, regionálny prístup k zákazníkom. Category manažment. | ||
| 610 | 2 | 0 | |a družstvá spotrebné |
| 610 | 2 | 0 | |a maloobchod |
| 610 | 2 | 0 | |a stratégia obchodná |
| 610 | 2 | 0 | |a manažment sortimentný |
| 610 | 2 | 0 | |a zákazníci |
| 610 | 2 | 0 | |a Slovensko |
| 610 | 2 | 0 | |a regióny |
| 100 | 1 | |a Hinková-Dibarborová, Andrea | |